00884nam a2200193 a 450000100100000000500170001000800410002704000250006808200160009324500670010926000700017630000320024670000370027804900090031595201140032495201200043895201150055899900170067300002711520200930030618.0110329s1994 dr d 000 0 spa d aDO-SdBNPbspacBNPHU axxxxbD536d00aDía a día 1993 /cpresentación Manuel Quiterio Cedeño. aSanto Domingo :bCentro de Información y Comunicación,c1994. a728 p. :bgráf. ;c27 cm.12aQuiterio Cedeño, Manuel913448 aBNPD 0010718PDaPDbPDcCTd2011-03-29iLF1l0oxxxx D536dp27115-10r2020-06-25w2020-06-25yLFPDZNo se presta 0010718PDaPDbPDcCTd2011-03-31iLF1l0oxxxx D536dp27115-20r2020-06-25te. 2w2020-06-25yLFPDZNo se presta 00107-18PDaPDbPDcOId2011-03-29iLF1l0oxxxx D536dp27116-10r2020-06-25w2020-06-25yLFPDZNo se presta c26607d26607